zpět

Detail výsledku týmu

Pivnice U Badinů, Brno

Datum a čas kvízu

16 Celkem bodů Celkový počet nahraných bodů na tomto kvízu bez doplňovacích otázek.
5. Pořadí na kvízu Konečné umístění týmu na tomto kvízu.

Zaznamenané odpovědi

# Otázka Odpověď Body Výsledky
1. Někteří senátoři chtějí ve Va... lavička s popelníkem 0
2. Saúdskoarabský korunní princ M... Jeff Bezos 0
3. V pondělí jsme zažili údajně n... Blue Monday 0
4. Do švýcarského městečka Davos... Světové ekonomické fórum (WEF) 1
5. Šestadvacetiletý český motocyk... Jakub Kornfeil 1
6. Jelikož se o ostrovech zmiňuje... D 1
7. Nyní se podíváme na souostroví... Země Františka Josefa 0
8. Za jistou formu "ostrova" se d... B C 1
9. Ostrovačice v okrese Brno-venk... Amerika 0
10. Jak se jmenoval německý patolo... Paul Langerhans 1